000281048 001__ 281048
000281048 005__ 20240928180229.0
000281048 0247_ $$aG:(GEPRIS)198800877$$d198800877
000281048 035__ $$aG:(GEPRIS)198800877
000281048 040__ $$aGEPRIS$$chttp://gepris.its.kfa-juelich.de
000281048 150__ $$aSPP 1629: THYROID TRANS ACT - Neue Konzepte der Schilddrüsenhormonwirkung$$y2012 - 2018
000281048 371__ $$aProfessorin Dr. Dagmar Führer-Sakel
000281048 450__ $$aDFG project G:(GEPRIS)198800877$$wd$$y2012 - 2018
000281048 5101_ $$0I:(DE-588b)2007744-0$$aDeutsche Forschungsgemeinschaft$$bDFG
000281048 680__ $$aDas Ziel dieses Schwerpunktprogramms ist die Beantwortung der Frage: Wodurch ist die gesunde und die krankhafte Schilddrüsenfunktion definiert? Hierfür werden die molekularen Wirkmechanismen von Schilddrüsenmolekülen unter Einbeziehung der klassischen Schilddrüsenhormone T3 und T4 und neuer, endogener Schilddrüsenhormonderivate wie T2 und Thyronaminen (von "T4-T0") charakterisiert. Das Schwerpunktprogramm wird (1) ein Netzwerk etablieren und die Arbeiten führender Forschungslabore und Forschungszentren im Bereich der Schilddrüsenforschung in Deutschland koordinieren; (2) als interdisziplinäres Konsortium mit translationalem Ansatz die Zusammenarbeit zwischen Grundlagenforschung und praxisbezogener Forschung fördern mit dem Ziel, neue Diagnostik- und Behandlungskonzepte für Patientinnen und Patienten mit Schilddrüsenerkrankungen und Schilddrüsenhormonstörungen zu entwickeln; (3) die Ausbildung hervorragender Nachwuchswissenschaftlerinnen und -wissenschaftler in Deutschland fördern. Ein besonderer Schwerpunkt des Schwerpunktprogramms ist es, führenden deutschen Schilddrüsenforscherinnen und -forschern, die momentan im Ausland arbeiten, einen Anreiz zur Rückkehr zu bieten und diese zu erleichtern; (4) die internationale Sichtbarkeit von Deutschland im Bereich der Schilddrüsenforschung stärken und aktiv mit internationalen Schilddrüsenkonsortien zusammenarbeiten.
000281048 909CO $$ooai:juser.fz-juelich.de:947791$$pauthority$$pauthority:GRANT
000281048 909CO $$ooai:juser.fz-juelich.de:947791
000281048 980__ $$aG
000281048 980__ $$aAUTHORITY